| 000 | 01002nam a2200121Ia 4500 | ||
|---|---|---|---|
| 008 | 220620s9999||||xx |||||||||||||| ||und|| | ||
| 100 | _aStahl, Bernd Carsten | ||
| 245 | 0 |
_aArtificial Intelligence for a Better Future _bAn Ecosystem Perspective on the Ethics of AI and Emerging Digital Technologies |
|
| 546 | _aEnglish[eng] | ||
| 650 | _aArtificial Intelligence||Ethics||Computers and Society||Philosophy of Technology||Business Ethics||Applied Ethics||Ethics of Technology||Computer Ethics||Information Ethics||Responsible Research and Innovation||Innovation Ecosystem||Engineering Ethics||Corporate Social Responsibility||Open Access||Ethics & moral philosophy||Ethical & social aspects of IT||Philosophy||Business ethics & social responsibility | ||
| 856 | _uhttps://library.oapen.org/bitstream/20.500.12657/48228/1/9783030699789.pdf||https://library.oapen.org/bitstream/20.500.12657/48228/1/9783030699789.pdf||https://library.oapen.org/bitstream/20.500.12657/48228/1/9783030699789.pdf | ||
| 942 | _cEB | ||
| 999 |
_c21341 _d21341 |
||